| 000 | 01148nam a2200289 i 4500 | ||
|---|---|---|---|
| 003 | IT-RoINE | ||
| 005 | 20220608083451.0 | ||
| 008 | 030704s1996 sp r 001 0 spa d | ||
| 020 | _a8479142162 | ||
| 040 |
_aUPSA _cesslup IT-RoINE _dIT-RoINE |
||
| 100 | 1 |
_aChica Arellano, Fernando, _d1963- _94608 |
|
| 245 | 1 | 3 |
_aConciencia y misión de Iglesia : _bnúcleos eclesiológicos en los Documentos de la Conferencia Episcopal Española (1966-1990) / _cFernando Chica Arellano ; presentación de Elias Yanes. |
| 260 |
_aMadrid : _bBiblioteca de Autores Cristianos, _c1996. |
||
| 300 |
_aLXVIII, 601 p. ; _c20 cm. |
||
| 336 |
_2rdacontent _atext |
||
| 337 |
_2rdamedia _aunmediated |
||
| 338 |
_2rdacarrier _avolume |
||
| 490 | 1 |
_aBiblioteca de Autores Cristianos ; _v559. |
|
| 500 | _aIncluye índice. | ||
| 500 | _aIncluye apéndice documental. | ||
| 504 | _aBibliografía: p. [XXI]-XXXVII. | ||
| 610 | 2 | 0 |
_aConferencia Episcopal Española (Madrid, España) _94394 |
| 650 | 4 |
_92553 _aEvangelización |
|
| 700 | 1 |
_92603 _aYanes Álvarez, Elías, _cArzobispo de Zaragoza, _d1928- |
|
| 830 | 0 |
_9843 _aBiblioteca de Autores Cristianos |
|
| 942 | _cMTS | ||
| 999 |
_c7317 _d7317 |
||